| 000 | 00559nam a2200229Ia 4500 | ||
|---|---|---|---|
| 003 | OSt | ||
| 005 | 20250926185027.0 | ||
| 008 | 210423s2012 xx 000 0 und d | ||
| 020 | _a978198071471 | ||
| 040 | _cAL | ||
| 041 | _aEnglish | ||
| 082 |
_a305.3014 _bRAYH |
||
| 100 |
_aRaka Ray _993041 |
||
| 245 | _aHandbook of gender | ||
| 260 |
_bOxford University Press _c2012 |
||
| 300 |
_axv,573 _bPB |
||
| 365 |
_b1295 _cINR |
||
| 650 |
_aSocial Groups _993042 |
||
| 650 |
_aSocial Sciences _993043 |
||
| 906 | _agender ; Handbook | ||
| 942 |
_2ddc _cBK |
||
| 999 |
_c161066 _d161066 |
||